| 000 | 00337nam a22001457a 4500 | ||
|---|---|---|---|
| 003 | SGT | ||
| 020 | _a978-93-5129-208-1 | ||
| 082 |
_a616.994 _bB15A |
||
| 100 | _aABRAHAM, JAME | ||
| 245 | _aTHE BETHESDA HB. OF CLINICAL ONCOLOGY | ||
| 260 |
_aINDIA _bWOLTER KULWER _c2015 |
||
| 300 | _a742 | ||
| 650 | _aONCOLOGY | ||
| 942 |
_2ddc _cBK |
||
| 999 |
_c11103 _d11103 |
||